Normal view
MARC view
- Bragg, William Henry, Sir
Entry Personal Name
001 - CONTROL NUMBER
- control field: 103870
003 - CONTROL NUMBER IDENTIFIER
- control field: NUST
005 - DATE AND TIME OF LATEST TRANSACTION
- control field: 20221201104529.0
008 - FIXED-LENGTH DATA ELEMENTS
- fixed length control field: 221201|| aca||aabn | a|a d
040 ## - CATALOGING SOURCE
- Original cataloging agency: NUST
- Transcribing agency: NUST
100 ## - HEADING--PERSONAL NAME
- Personal name: Bragg, William Henry, Sir
670 ## - SOURCE DATA FOUND
- Source citation: Work cat.: (NUST)183977: Bragg, William Henry, Sir,, The universe of light / , ., 1933.
